000 00620nas a2200229 4500
001 BR9601031
003 BR-BrBNA
005 20231205095704.0
007 ta
008 230509b bl.|||p| |||| 00| 00por d
040 _aBR-BrBNA
_bpor
_cBiblioteca Nacional de Agricultura
041 _a(Pt)
072 _aF01
100 1 _aPeruzzo, E.L.
245 1 _aPoda de formacao da videira
650 _aUva
650 _aMuda
650 _aPoda
773 0 _tAgropecuaria Catarinense (Brazil)
_xISSN 0103-0779
_g(Dec 1993), v. 6(4) p. 42-44
_wBR9601031
909 _a202311
_bLúcia
_c55
_dLúcia Elande
942 _2AGRIS
_n0
_cANA
999 _c152145
_d152145